000 00386nam a2200169 4500
003 OSt
008 230105b ||||| |||| 00| 0 eng d
020 _a9789354600883
082 _a332.66 GII
100 _aGIRI S,Pratap
245 _aInvestment Banking
250 _a4th Ed
260 _aNew Delhi
_bTMH
_c2021
300 _a680
650 _aInvestment Banking
942 _2ddc
_cREF
999 _c11663
_d11663